| 000 | 00535nam a2200181Ia 4500 | ||
|---|---|---|---|
| 008 | 240925s9999 xx 000 0 und d | ||
| 020 | _a9781718502185 | ||
| 082 | _a005.1 MAY | ||
| 100 | _aMayer, Christian | ||
| 245 | 4 | _aThe art of clean code: best practices to eleiminate complexity and simplify your life | |
| 250 | _aNA | ||
| 260 |
_aSan Francisco: _bNo Starch Press _c2022 |
||
| 300 |
_a290p. _bNA _fNA |
||
| 500 | _aNA | ||
| 600 | _aComputer Science | ||
| 650 | _aComputer science, information & general works | ||
| 942 | _cBK | ||
| 999 |
_c18163 _d18163 |
||